Etudes historiques et diplomatiques / (Record no. 48166)

MARC details
000 -LEADER
campo de control de longitud fija 00506nam a22001695i 4500
001 - NÚMERO DE CONTROL
campo de control 48166
003 - IDENTIFICADOR DE NÚMERO DE CONTROL
campo de control ES-MaACL
005 - FECHA Y HORA DE LA ÚLTIMA TRANSACCIÓN
campo de control 20230906161715.0
007 - CAMPO FIJO DE DESCRIPCIÓN FÍSICA--INFORMACIÓN GENERAL
campo de control de longitud fija t|
008 - DATOS DE LONGITUD FIJA--INFORMACIÓN GENERAL
campo de control de longitud fija 950705s1893 fr ||||1| fre d
040 ## - FUENTE DE CATALOGACIÓN
Centro catalogador/agencia de origen CAM
Lengua de catalogación spa
Centro/agencia transcriptor CAM
100 1# - ENTRADA PRINCIPAL--NOMBRE DE PERSONA
Nombre de persona Charmes, Francis.
9 (RLIN) 38094
245 10 - MENCIÓN DEL TÍTULO
Título Etudes historiques et diplomatiques /
Mención de responsabilidad, etc. Francis Charmes.
260 ## - PUBLICACIÓN, DISTRIBUCIÓN, ETC.
Lugar de publicación, distribución, etc. Paris :
Nombre del editor, distribuidor, etc. Libraire Hachette,
Fecha de publicación, distribución, etc. 1893 (
Lugar de fabricación/manufactura Coulommiers :
Fabricante imprimerie Paul Brodard)
300 ## - DESCRIPCIÓN FÍSICA
Extensión VIII, 400 p. ;
Dimensiones 19 cm.
852 ## - LOCALIZACIÓN
Ubicación ES-MaACL
Número de control de estantería F-5912
Holdings
Estatus retirado Estado de pérdida Estado de daño No para préstamo Colección Biblioteca de origen Biblioteca actual Ubicación en estantería Fecha de adquisición Fuente de adquisición Total de préstamos Signatura topográfica completa Código de barras Visto por última vez Precio de reemplazo Tipo de ítem Koha
        Libros del s. XIX Biblioteca del Ateneo de Madrid Biblioteca del Ateneo de Madrid Depósito 2 17/01/2008     F-5912 1050692 23/02/2023 23/02/2023 Libro impreso antiguo